000 00519nam a2200157Ia 4500
008 231217s9999 xx 000 0 und d
041 _aEnglish
082 _a808.51 NIC;1
100 _aNicholls, Anne
245 0 _aHow to mastering public speaking : how to prepare and deliver winning presentations and successful speeches
250 _a5th ed
260 _c2001
_bJaico
_aMumbai
300 _a160
650 _amastering,public,speaking,:,prepare,deliver,winning,presentations,successful,speeches
942 _cAA
999 _c170480
_d170480